Influencer, persuader, motiver : De nouvelles techniques (notice n° 1566252)
[ vue normale ]
| 000 -LEADER | |
|---|---|
| fixed length control field | 01381cam a2200133 4500500 |
| 005 - DATE AND TIME OF LATEST TRANSACTION | |
| control field | 20251214001516.0 |
| 041 ## - LANGUAGE CODE | |
| Language code of text/sound track or separate title | fre |
| 042 ## - AUTHENTICATION CODE | |
| Authentication code | dc |
| 100 10 - MAIN ENTRY--PERSONAL NAME | |
| Personal name | Mucchielli, Alex |
| Relator term | author |
| 245 00 - TITLE STATEMENT | |
| Title | Influencer, persuader, motiver : De nouvelles techniques |
| 260 ## - PUBLICATION, DISTRIBUTION, ETC. | |
| Name of publisher, distributor, etc. | Armand Colin,<br/> |
| Date of publication, distribution, etc. | 2009.<br/> |
| 520 ## - SUMMARY, ETC. | |
| Summary, etc. | Comment faire « passer » une idée ? séduire ses interlocuteurs ou animer son équipe ? Influencer, persuader, motiver, est un art, certes ; mais qui n’obéit pas à un talent inné que l’on aurait, ou non. Chacun peut en acquérir la technique, à condition de s’en donner les moyens. Alex Mucchielli, spécialiste reconnu des stratégies de communication et des techniques d’influence, nous offre ici les clés pour connaître le fonctionnement des conduites humaines et les ressorts des communications réussies. Rompant avec les vieilles méthodes qui restent à la surface des phénomènes, il revisite, grâce aux dernières recherches en sciences humaines, de nombreuses mises en situation concrètes (scènes de vente, entretiens d’embauche…), pour présenter des principes efficaces d’intervention. Tout un chacun risque, à ses dépens, d’en être victime. Mieux vaut donc les connaître pour pouvoir les utiliser. |
| 856 41 - ELECTRONIC LOCATION AND ACCESS | |
| Uniform Resource Identifier | <a href="https://shs.cairn.info/influencer-persuader-motiver--9782200354824?lang=fr&redirect-ssocas=7080">https://shs.cairn.info/influencer-persuader-motiver--9782200354824?lang=fr&redirect-ssocas=7080</a> |
Pas d'exemplaire disponible.




Réseaux sociaux